Chemistry for the modern world /

Bibliographic Details
Main Author: Porter, George, 1920-2002
Format: Book
Language:English
Published: New York : Barnes & Noble, [1962]
Series:Science for the modern world series, v.2
Subjects:

MARC

Tag First Indicator Second Indicator Subfields
LEADER 00000cam a2200000 4500
001 in00000043243
005 20151007070929.0
008 730124s1962 nyua 00000 eng u
010 |a a 62005727  
035 |a (OCoLC)00545373 
035 |9 AAE4985AM 
040 |c WSU  |d TXA  |d UtOrBLW 
049 |a TXAM  |c [368840] 
050 1 0 |a QD35 
090 |a QD35  |b .P7 1962 
092 |a 540  |b P846c, 1962 
100 1 |a Porter, George,  |d 1920-2002. 
245 1 0 |a Chemistry for the modern world /  |c With a foreword by Sarvepalli Radhakrishnan. 
264 1 |a New York :  |b Barnes & Noble,  |c [1962] 
300 |a 116 pages :  |b illustrations ;  |c 21 cm. 
336 |a text  |b txt  |2 rdacontent 
337 |a unmediated  |b n  |2 rdamedia 
338 |a volume  |b nc  |2 rdacarrier 
490 0 |a Science for the modern world series, v.2 
650 0 |a Chemistry. 
999 |a MARS 
999 f f |s 092709ce-3fdb-3649-b3ee-2716ef1cfd54  |i 44d0f138-a4af-304f-9d50-9cddb9594325  |t 0 
952 f f |p ric  |a Texas A&M University  |b Rellis Campus  |c Joint Library Facility  |d Remote Storage  |t 0  |e QD35 .P7 1962  |h Library of Congress classification  |i unmediated -- volume  |m A14800931949 
998 f f |a QD35 .P7 1962  |t 0  |l Remote Storage